| Registos Bibliográficos associados ao registo de autoridade |
|
Etiqueta de registo: 00514nam 02200181 04500 001 2227165 003 http://id.bnportugal.gov.pt/bib/catbnp/2227165 100 ## $a20250925f19101919m y0pory01030103ba 101 0# $afre 102 ## $aFR 106 ## $ar 200 1# $aDe toute son âme 210 #9 $aParis$cCalmann-Lévy,$d[191-] 215 ## $a126, [2] p. 225 2# $aNouvelle collection illustrée Calmann-Lévy$v25 675 ## $a821.133.1-31"18/19"$vBN$zpor$3549066 700 #1 $aBazin,$bRené,$f1853-1932$345652 702 #1 $aMinier,$bSuzanne$4440$31967484 801 #0 $aPT$bBN$gRPC 966 ## $lBN$mFGMON$sL. 181154 V.$x3 971 ## $cisantos$d20250925 973 ## $cigoulao$d20260325
|
|
|